000 00893nam a2200217Ii 4500
003 JO-AjNU
008 230605s9999||||xx |||||||||||||| ||und||
040 _aJO-AjNU
_bara
_erda
_cJO-AjNU
041 _aara
050 1 4 _aBP184.72.F37 2011
100 3 _aهيئة الفتوى ولجنة الامور العامة فيها المكونة من كبار العلماء/الكويت,
_eauthor
_943711
245 0 0 _aفتاوى الحج والعمرة
250 _aط3
264 3 1 _aالكويت: وزارة الاوقاف والشؤون الاسلامية، 2011
300 _a158ص
336 _atext
_btxt
_2rdacontent
337 _aunmediated
_bn
_2rdamedia
338 _avolume
_bnc
_2rdacarrier
490 0 _aالمختارات الموضوعية من الفتاوى الشرعية1
650 4 _aالفتاوى الشرعية- الحج- العمرة- الفقه الاسلامي
_943712
999 _aA18811
_c22379
_d22379